|
|
|
|
| LEADER |
00000nnm a2200000 i 4500 |
| 001 |
dolg7243 |
| 005 |
20160706141052.0 |
| 008 |
160523suuuu hu o 000 hun d |
| 040 |
|
|
|a BGE Dolgozattár Repozitórium
|b hun
|
| 041 |
|
|
|a hu
|
| 100 |
1 |
|
|a Kohut Kinga
|
| 245 |
1 |
3 |
|a Az ibis Budapest Aero szálloda szobafoglalási területének bemutatása
|c Kohut Kinga
|h [elektronikus dokumentum]
|
| 246 |
1 |
1 |
|a Az ibis Budapest Aero szálloda szobafoglalási területének bemutatása
|
| 516 |
|
|
|a Project_work
|
| 695 |
|
|
|a szobafoglalás
|
| 695 |
|
|
|a rezervációs rendszer
|
| 700 |
1 |
|
|a Bártfai Endre
|e ths
|
| 856 |
4 |
0 |
|u http://dolgozattar.uni-bge.hu/7243/1/Kohut%20Kinga_Projektmunka_2016.pdf
|z Dokumentum-elérés
|